[Event "BCF-ch rapidplay 34th"]
[Site "Bingley"]
[Date "2023.04.15"]
[Round "5"]
[White "Senior, Gary"]
[Black "Zhao, George"]
[Result "1-0"]
[WhiteElo "2043"]
[BlackElo "1647"]
[PlyCount "94"]
[EventDate "2023.04.15"]
[EventType "swiss (rapid)"]
[EventRounds "11"]
[EventCountry "ENG"]
[SourceTitle "CBM 213 Extra"]
[Source "ChessBase"]
[SourceDate "2023.05.31"]
[SourceVersion "1"]
[SourceVersionDate "2023.05.31"]
[SourceQuality "1"]

1. e4 e6 2. d4 d5 3. Nd2 c5 4. Ngf3 Nc6 5. exd5 Qxd5 6. Bc4 Qd8 7. Nb3 cxd4 8. Nbxd4 Nxd4 9. Qxd4 Qxd4 10. Nxd4 a6 11. Be3 Bc5 12. 0-0-0 Nf6 13. Kb1 0-0 14. Nf5 Bxe3 15. Nxe3 b5 16. Be2 Bb7 17. Rd4 e5 18. Rd3 Rab8 19. Rhd1 Ne4 20. Rf1 Rbd8 21. Kc1 g6 22. g4 Nc5 23. Rdd1 Ne6 24. Rxd8 Rxd8 25. h4 Nf4 26. Bd1 Kf8 27. g5 Rd4 28. Ng4 Ng2 29. Nxe5 Nxh4 30. f4 Nf5 31. Ng4 Kg7 32. c3 Rd6 33. Bc2 Ng3 34. Re1 Bf3 35. Nf6 Ne2+ 36. Rxe2 Rd8 37. Re8 Rxe8 38. Nxe8+ Kf8 39. Nf6 Ke7 40. Nxh7 Ke6 41. Kd2 Bd5 42. Bb3 Bxb3 43. axb3 Kf5 44. Ke3 a5 45. c4 bxc4 46. bxc4 a4 47. Nf6 Ke6 1-0

[Event "Cambridge op"]
[Site "Cambridge"]
[Date "2023.02.18"]
[Round "7"]
[White "Gormally, Daniel"]
[Black "Senior, Gary"]
[Result "1-0"]
[WhiteElo "2448"]
[BlackElo "2086"]
[PlyCount "61"]
[EventDate "2023.02.15"]
[EventType "swiss"]
[EventRounds "9"]
[EventCountry "ENG"]
[SourceTitle "CBM 212 Extra"]
[Source "ChessBase"]
[SourceDate "2023.03.31"]
[SourceVersion "1"]
[SourceVersionDate "2023.03.31"]
[SourceQuality "1"]

1. d4 f5 2. Bg5 Nf6 3. e3 e6 4. Nd2 Be7 5. c3 0-0 6. Nh3 a5 7. Nf4 b6 8. Be2 Bb7 9. Bxf6 Bxf6 10. Bf3 Qc8 11. h4 g6 12. Rh3 Nc6 13. Qa4 e5 14. Bd5+ Kh8 15. dxe5 Nxe5 16. Bxb7 Qxb7 17. Qc2 a4 18. 0-0-0 a3 19. b3 Ng4 20. Nb1 Qc6 21. h5 g5 22. Nd5 Ra5 23. Qxf5 Nxf2 24. Qxf2 Rxd5 25. Rxd5 Qxd5 26. Rf3 Kg7 27. h6+ Kg6 28. Qc2+ Kh5 29. Rh3+ Kg4 30. Qe2+ Kf5 31. e4+ 1-0

[Event "Cambridge op"]
[Site "Cambridge"]
[Date "2023.02.17"]
[Round "5"]
[White "Blinov, Roman"]
[Black "Senior, Gary"]
[Result "0-1"]
[WhiteElo "1731"]
[BlackElo "2086"]
[PlyCount "76"]
[EventDate "2023.02.15"]
[EventType "swiss"]
[EventRounds "9"]
[EventCountry "ENG"]
[SourceTitle "CBM 212 Extra"]
[Source "ChessBase"]
[SourceDate "2023.03.31"]
[SourceVersion "1"]
[SourceVersionDate "2023.03.31"]
[SourceQuality "1"]

1. d4 f5 2. Nc3 d5 3. Bf4 a6 4. e3 Nf6 5. Nf3 e6 6. Bd3 c5 7. 0-0 Nc6 8. dxc5 Bxc5 9. Na4 Ba7 10. b3 Bb8 11. Bxb8 Rxb8 12. c4 dxc4 13. bxc4 e5 14. Be2 Qa5 15. Qb3 0-0 16. Rad1 Ne4 17. Bd3 Nc5 18. Nxc5 Qxc5 19. Be2 Kh8 20. Rd5 Qe7 21. Rfd1 Be6 22. Rd6 Nd4 23. exd4 Qxd6 24. Nxe5 b5 25. Qg3 f4 26. Qh4 Bxc4 27. Bh5 Kg8 28. Bg4 Rbd8 29. Bf3 Bd5 30. Bxd5+ Qxd5 31. Qg4 Rde8 32. a3 a5 33. h3 b4 34. axb4 axb4 35. Nd7 h5 36. Nb6 Qc6 37. Qxh5 Qxb6 38. d5 Qd6 0-1

[Event "BCF-ch Weekender Atkins"]
[Site "Torquay"]
[Date "2013.08.03"]
[Round "2.4"]
[White "Golding, Alex"]
[Black "Senior, Gary"]
[Result "1/2-1/2"]
[WhiteElo "1600"]
[BlackElo "2101"]
[PlyCount "58"]
[EventDate "2013.08.02"]
[EventType "swiss"]
[EventRounds "5"]
[EventCountry "ENG"]
[SourceTitle "EXT 2023"]
[Source "ChessBase"]
[SourceDate "2022.10.05"]
[SourceVersion "1"]
[SourceVersionDate "2022.10.05"]
[SourceQuality "1"]

1. d4 e6 2. e4 b6 3. c4 Bb7 4. Bd3 Nc6 5. Nf3 Nb4 6. 0-0 g6 7. Re1 Nxd3 8. Qxd3 Bg7 9. Nc3 Ne7 10. e5 d5 11. exd6 cxd6 12. Bf4 0-0 13. Rad1 Nf5 14. d5 e5 15. Bg3 h5 16. h4 Nxg3 17. fxg3 Bc8 18. Ng5 Bg4 19. Rd2 Bh6 20. Rf2 Bxg5 21. hxg5 Qxg5 22. Ne4 Bf5 23. Rxf5 Qxf5 24. Rf1 Qc8 25. Nf6+ Kg7 26. Qd2 Rh8 27. Qg5 Qxc4 28. Rf5 Rac8 29. Ne8+ Rcxe8 1/2-1/2

[Event "BCF-ch Weekender Atkins"]
[Site "Torquay"]
[Date "2013.08.03"]
[Round "3.3"]
[White "Senior, Gary"]
[Black "Wells, Jonathan C"]
[Result "1-0"]
[WhiteElo "2101"]
[BlackElo "2037"]
[PlyCount "63"]
[EventDate "2013.08.02"]
[EventType "swiss"]
[EventRounds "5"]
[EventCountry "ENG"]
[SourceTitle "EXT 2023"]
[Source "ChessBase"]
[SourceDate "2022.10.05"]
[SourceVersion "1"]
[SourceVersionDate "2022.10.05"]
[SourceQuality "1"]

1. e4 c5 2. d3 Nc6 3. f4 g6 4. Nf3 Bg7 5. Be2 d6 6. 0-0 e6 7. Qe1 Nge7 8. c3 0-0 9. Qh4 f5 10. a4 d5 11. e5 a6 12. Na3 b6 13. Qf2 Bd7 14. Be3 Rb8 15. Rfb1 a5 16. b3 Rf7 17. Nc2 Nc8 18. d4 cxd4 19. Ncxd4 Bf8 20. Bb5 N8a7 21. Bf1 Qc7 22. c4 Nb4 23. Ng5 Re7 24. Rc1 Qb7 25. Qg3 Ree8 26. h4 Kg7 27. h5 Bc5 28. Qh4 Bxd4 29. Bxd4 h6 30. hxg6 Kxg6 31. Rc3 Rh8 32. Rg3 1-0

[Event "GBR-ch 97th"]
[Site "Canterbury"]
[Date "2010.07.31"]
[Round "6"]
[White "Senior, Gary"]
[Black "Padilla Cabero, Pablo"]
[Result "0-1"]
[WhiteElo "2069"]
[BlackElo "2149"]
[PlyCount "96"]
[EventDate "2010.07.26"]
[EventType "swiss"]
[EventRounds "11"]
[EventCountry "ENG"]
[SourceTitle "CBM 137 Extra"]
[Source "ChessBase"]
[SourceDate "2010.09.01"]
[SourceVersion "1"]
[SourceVersionDate "2010.09.01"]
[SourceQuality "1"]

1. e4 Nf6 2. Nc3 e5 3. Bc4 Nxe4 4. Qh5 Nd6 5. Bb3 Nc6 6. Nb5 g6 7. Qf3 f5 8. Qd5 Qe7 9. Nxc7+ Kd8 10. Nxa8 b6 11. Nxb6 axb6 12. d3 Bg7 13. Qf3 Nd4 14. Qh3 Bb7 15. Bd2 g5 16. 0-0-0 g4 17. Qg3 h5 18. f3 gxf3 19. gxf3 Bxf3 20. Bb4 Bh6+ 21. Kb1 Bxh1 22. Qg6 Kc7 23. Re1 f4 24. Nh3 Bc6 25. Nf2 Bf8 26. Ne4 Bxe4 27. dxe4 Rh6 28. Qg8 Nc6 29. Bc3 f3 30. Qg3 Rf6 31. Bd5 Rf4 32. Qf2 Bg7 33. Rg1 Bf6 34. a4 Bh4 35. Qe3 f2 36. Rf1 Nb7 37. b4 Nxb4 38. Qe2 Na5 39. Qxh5 Nac6 40. Qh8 Rg4 41. Kb2 Rg1 42. Bc4 Nd4 43. Qa8 Nbc6 44. a5 Qc5 45. axb6+ Qxb6+ 46. Ka2 Nxc2 47. Qh8 N6b4+ 48. Kb2 Nd5+ 0-1

[Event "GBR-ch 97th"]
[Site "Canterbury"]
[Date "2010.07.29"]
[Round "4"]
[White "Senior, Gary"]
[Black "Greet, Andrew"]
[Result "0-1"]
[WhiteElo "2069"]
[BlackElo "2451"]
[PlyCount "100"]
[EventDate "2010.07.26"]
[EventType "swiss"]
[EventRounds "11"]
[EventCountry "ENG"]
[SourceTitle "CBM 137 Extra"]
[Source "ChessBase"]
[SourceDate "2010.09.01"]
[SourceVersion "1"]
[SourceVersionDate "2010.09.01"]
[SourceQuality "1"]

1. e4 d6 2. d4 Nf6 3. Nc3 e5 4. Nf3 Nbd7 5. Be2 Be7 6. 0-0 c6 7. a4 0-0 8. Re1 b6 9. Bf1 a6 10. g3 Bb7 11. b3 b5 12. Bg2 Re8 13. Bb2 Bf8 14. dxe5 dxe5 15. Re2 Qc7 16. Ne1 Nc5 17. axb5 axb5 18. Rxa8 Rxa8 19. f3 b4 20. Nb1 Ne6 21. Nd3 Rd8 22. Nd2 Nd4 23. Bxd4 Rxd4 24. Re1 Nd7 25. Bf1 Nc5 26. Nc4 Nxd3 27. Bxd3 Bc5 28. Kg2 Rd8 29. Qd2 Qe7 30. Ra1 g6 31. Na5 Ba8 32. Nc4 Kg7 33. Ne3 Bb7 34. Ng4 h5 35. Qh6+ Kg8 36. Nf2 Bc8 37. Rf1 Be6 38. Qd2 Kg7 39. Rd1 h4 40. g4 Qa7 41. Re1 Bxb3 42. Nh3 Bc4 43. Qg5 f6 44. Qxh4 Bxd3 45. g5 Qf7 46. Qh6+ Kg8 47. gxf6 Bc4 48. Qg5 Be6 49. f4 Rd2+ 50. Kg3 Bxh3 0-1